| 000 | 00760nam a2200241 i 4500 | ||
|---|---|---|---|
| 003 | DO-SdBNP | ||
| 005 | 20240718111548.0 | ||
| 007 | ta | ||
| 008 | 240718b1996 sp ||||| |||| 00| 0 spa d | ||
| 020 | _a8482590316 | ||
| 040 |
_aDO-SdBNP _bspa _cBNPHU _erda |
||
| 082 | 4 |
_a503 _bD545 _222 |
|
| 245 | _aMulti diccionario alemán-español, español-alemán, francés-español, español-francés, inglés-español, español-inglés | ||
| 264 |
_aBarcelona : _bEdiciones Nauta, _c1996 |
||
| 300 |
_a543 páginas ; _c23 cm. |
||
| 336 |
_2rdacontent _atexto _btxt |
||
| 337 |
_2rdamedia _asin mediación _bn |
||
| 338 |
_2rdacarrier _avolumen _bnc |
||
| 590 | _aInventariado, 2024/DG | ||
| 650 | 4 |
_aDiccionarios políglotas _986130 |
|
| 910 | _aDG | ||
| 942 |
_2ddc _cLBS1 |
||
| 999 |
_c57312 _d57312 |
||